000 00991nam a2200289Ia 4500
003 OSt
005 20220930072810.0
006 a|||||r|||| 00| 0
007 ta
008 220926b |||||||| |||| 00| 0 eng d
024 _a24957
037 _cTheses
040 _aCRL
_cCRL
_beng
041 _2eng
_aeng
100 _aJindal Mohit
_9530457
110 _aUniversity of Delhi. Faculty of Medical Sciences. Department of Orthopaedics
_9519703
245 0 _aBridging peripheral nerve gap with autogenous vein graft
_b An experimental study
260 _c1998
300 _a84p.
_ap.
_ccm.
650 _a MEDICINE
650 _aORTHOPEDICS
_9519704
700 _a Dr Anil Kumar Dhal Supervisor
_9530178
700 _a Dr Medha Tatke Co-Supervisor
_9530458
700 _aUniversity of Delhi. Faculty of Medical Sciences. Department of Orthopaedics
_9519706
942 _cDIS
_2CC
999 _c864330
_d864330